La campana de la ermita (Record no. 161520)

MARC details
000 -LEADER
campo de control de longitud fija 00969nam a22002055i 4500
001 - NÚMERO DE CONTROL
campo de control 161520
003 - IDENTIFICADOR DE NÚMERO DE CONTROL
campo de control ES-MaACL
005 - FECHA Y HORA DE LA ÚLTIMA TRANSACCIÓN
campo de control 20230906212314.0
008 - DATOS DE LONGITUD FIJA--INFORMACIÓN GENERAL
campo de control de longitud fija 020325s1864 sp |||| | spa d
040 ## - FUENTE DE CATALOGACIÓN
Centro catalogador/agencia de origen CAM
Lengua de catalogación spa
Centro/agencia transcriptor CAM
100 1# - ENTRADA PRINCIPAL--NOMBRE DE PERSONA
Nombre de persona Pastorfido, Miguel.
9 (RLIN) 89537
245 13 - MENCIÓN DEL TÍTULO
Título La campana de la ermita
Resto del título : zarzuela en tres actos y en verso, arreglada á la música de M. Aimé Maillart /
Mención de responsabilidad, etc. por Miguel Pastorfido.
260 ## - PUBLICACIÓN, DISTRIBUCIÓN, ETC.
Lugar de publicación, distribución, etc. Madrid :
Nombre del editor, distribuidor, etc. [s.n.],
Fecha de publicación, distribución, etc. 1864 (
Fabricante imprenta de José Rodriguez)
300 ## - DESCRIPCIÓN FÍSICA
Extensión 85 p. ;
Dimensiones 20 cm.
500 ## - NOTA GENERAL
Nota general En port.: Representada por primera vez en el teatro de la Zarzuela.
500 ## - NOTA GENERAL
Nota general Solo la letra.
596 ## - NOTA AL PIE DE IMPRENTA
NOTA AL PIE DE IMPRENTA En verso de port. consta: "... de la galería dramática y lírica titulada El Teatro ...·.
700 1# - ENTRADA AGREGADA--NOMBRE PERSONAL
Nombre de persona Maillart, Aimé.
9 (RLIN) 141574
852 ## - LOCALIZACIÓN
Ubicación ES-MaACL
Número de control de estantería F-8614(7)
Nota libre -- Enc. pasta española
condición física -- Falto de la cub. original
Nota libre -- Enc. en un vol. facticio formando parte de la col. facticia "Teatro español moderno", vol. 69
Holdings
Estatus retirado Estado de pérdida Estado de daño No para préstamo Colección Biblioteca de origen Biblioteca actual Ubicación en estantería Fecha de adquisición Total de préstamos Signatura topográfica completa Código de barras Visto por última vez Precio de reemplazo Tipo de ítem Koha
        Libros del s. XIX Biblioteca del Ateneo de Madrid Biblioteca del Ateneo de Madrid Sala Pecera Planta 2 17/01/2008   F-8614(7) 1169188 23/02/2023 23/02/2023 Libro impreso antiguo